000 00494nam a2200181Ia 4500
005 20250508151822.0
008 008 250505s9999 xx 000 0 eng d
037 _aBooks to be hide in OPAC
040 _aFEDL
_beng
_cFEDL
041 _aeng
_2eng
084 _a372, RUS/O
_qFEDL
100 _aUshakor
_9760066
245 0 _aOrtagrofechieshir slovav class 5th (Russian)
260 _c1985
700 _a Kraich
_9760067
942 _cHB
_h372, RUS/O
999 _c1332296
_d1332296